000 01020nam a2200289 i 4500
001 14961
003 ES-MaACL
005 20250717094519.0
007 t|
008 991122s1997 sp ||||1| spa d
020 _a84-486-0174-2
020 _a84-486-0195-5
080 _a618.1
080 _a618.2
245 0 0 _aTratado de obstetricia y ginecología /
_cdirectores-editores, José Antonio Usandizaga Beguiristain, Pedro de la Fuente Pérez ; secretario de redacción, José María Escalante Salinas.
250 _a1ª ed., 1ª reimp.
260 _aMadrid :
_bMcGraw-Hill, Interamericana de España,
_c1997-1998.
300 _a2 v. :
_bil. ;
_c27 cm.
505 8 _aI. Obstetricia. II. Ginecología
650 1 4 _aGinecología.
_913119
650 7 _aObstetricia
_2embne
_915676
700 1 _aUsandizaga, José Antonio.
_9112291
700 1 _aFuente Pérez, Pedro de la.
_952874
700 1 _aEscalante Salinas, José María.
_947472
852 _aES-MaACL
_jL-22114-15
_bR.127451
999 _c14961
_d14961